000 00732nam a2200205 i 4500
001 bg
245 0 0 _aKorzyści i koszty członkostwa Polski w Unii Europejskiej :
_bsynteza raportu /
_c[oprac. i red. Katarzyna Grubiel-Chołdzyńska et al.].
260 _aWarszawa :
_bCentrum Europejskie Natolin,
_c2003.
300 _a69, [1] s. ;
_c24 cm.
610 2 9 _aUnia Europejska
_xa Polska
_xgospodarka
651 9 _aPolska
_xa Unia Europejska
_xgospodarka
700 1 _aGURBIEL-CHOŁDZYŃSKA, Katarzyna.
_eOprac.
020 _a8391035891
040 _cBPK
041 0 _apol
080 _a338.22(438)"1989/...":[339.923:061.1A/Z](4-67)"1989/..."
920 _a83-910358-9-1
942 _cKS
008 s pl f |000 0 pol
999 _c52463
_d52463
856 _uhttp://koha.tu.koszalin.pl/cgi-bin/koha/opac-detail.pl?biblionumber=52463
_yKatalog online BPK